[Event "SW New Year Major"]
[Site "Bridgend"]
[Date "2018.01.06"]
[Round "3.10"]
[White "Hurn, Robert AJ"]
[Black "O'Rourke, Kevin"]
[Result "1-0"]
[WhiteElo "1664"]
[BlackElo "1175"]
[PlyCount "105"]
[EventDate "2018.01.05"]
[EventType "swiss"]
[EventRounds "5"]
[EventCountry "WLS"]
[SourceDate "2018.01.07"]

1. d4 d5 2. c4 dxc4 3. e4 e6 4. Bxc4 Nc6 5. Nf3 h6 6. Nc3 Nf6 7. O-O Be7 8. Bf4
Nh7 9. Nb5 Bd6 10. e5 Be7 11. Rc1 a6 12. Nc3 g5 13. Be3 g4 14. Ne1 h5 15. Ne2
Bg5 16. Qd2 Bxe3 17. Qxe3 Ne7 18. Bd3 Nd5 19. Qd2 Ng5 20. a3 Rg8 21. Kh1 h4 22.
f4 gxf3 23. Nxf3 h3 24. g3 Nxf3 25. Rxf3 Bd7 26. Kg1 Bc6 27. Rf2 Qe7 28. Rcf1
Rf8 29. Be4 O-O-O 30. Nc3 f5 31. Bxd5 Bxd5 32. Nxd5 Rxd5 33. Rf4 Rfd8 34. Qc3
c6 35. Kf2 R8d7 36. Ke3 Qg5 37. Rd1 Rxe5+ 38. Kf2 Re4 39. Rf3 Qg4 40. d5 exd5
41. Qh8+ Kc7 42. Qc3 Rc4 43. Qe5+ Kc8 44. Qe8+ Rd8 45. Qe6+ Kc7 46. Qe5+ Kb6
47. Qe3+ d4 48. Qb3+ Kc5 49. Qd3 Qe4 50. Rxf5+ Qd5 51. Rxd5+ Rxd5 52. b4+ Kb5
53. Rc1 1-0

[Event "SW New Year Major"]
[Site "Bridgend"]
[Date "2018.01.07"]
[Round "4.1"]
[White "Gay, Conor"]
[Black "Gay, Simon"]
[Result "1-0"]
[WhiteElo "1834"]
[BlackElo "1730"]
[PlyCount "79"]
[EventDate "2018.01.05"]
[EventType "swiss"]
[EventRounds "5"]
[EventCountry "WLS"]
[SourceDate "2018.01.07"]

1. d4 Nf6 2. Bf4 d6 3. Nc3 Nbd7 4. Nf3 c5 5. d5 g6 6. e4 Bg7 7. a4 O-O 8. h3 a6
9. Bd3 Nh5 10. Be3 Qa5 11. Bd2 Qc7 12. Qe2 Ne5 13. Nxe5 Bxe5 14. O-O Bd7 15.
Bc4 Rfb8 16. a5 b5 17. axb6 Rxb6 18. b3 Qc8 19. Na4 Rbb8 20. Bc3 Bxc3 21. Nxc3
a5 22. Qe3 Qf8 23. f4 Ng7 24. g4 Ne8 25. e5 Qg7 26. Ne4 Bb5 27. Bxb5 Rxb5 28.
Qf3 Rb4 29. Rf2 Rd4 30. Raf1 Rb4 31. f5 Qxe5 32. fxg6 f6 33. gxh7+ Kxh7 34. Ng3
Ra7 35. Nf5 Re4 36. Qd3 Kh8 37. Kg2 Ng7 38. Nh4 Kg8 39. Nf3 Qf4 40. Nd2 1-0

[Event "SW New Year Major"]
[Site "Bridgend"]
[Date "2018.01.07"]
[Round "4.2"]
[White "Di-Vetta, Andrew"]
[Black "Williams, David"]
[Result "1-0"]
[WhiteElo "1791"]
[BlackElo "1711"]
[PlyCount "131"]
[EventDate "2018.01.05"]
[EventType "swiss"]
[EventRounds "5"]
[EventCountry "WLS"]
[SourceDate "2018.01.07"]

1. c4 c5 2. g3 Nf6 3. Bg2 d5 4. cxd5 Nxd5 5. Nc3 Nc7 6. Nf3 Nc6 7. O-O e5 8. d3
f6 9. Nd2 Be6 10. Nc4 Qd7 11. Be3 Bh3 12. a3 Bxg2 13. Kxg2 Nd5 14. Qb3 Nd4 15.
Bxd4 exd4 16. Ne4 Be7 17. a4 f5 18. Ned2 b6 19. Ne5 Qe6 20. Qb5+ Kf8 21. Ndc4
a6 22. Qd7 Qxd7 23. Nxd7+ Ke8 24. Ndxb6 Nxb6 25. Nxb6 Rb8 26. Nc4 Kd7 27. f4
Rb3 28. Ra3 Rhb8 29. Rxb3 Rxb3 30. Kf3 Ke6 31. g4 fxg4+ 32. Kxg4 Bf6 33. f5+
Kd5 34. h4 Rb8 35. h5 h6 36. a5 Rb5 37. Rf4 Rb4 38. Kf3 Rb3 39. Re4 Kc6 40.
Re6+ Kb7 41. Ke4 Rb4 42. Kd5 Ra4 43. Kxc5 Ra1 44. Nd6+ Ka7 45. b4 Rh1 46. Ne8
Rxh5 47. Nxf6 Rxf5+ 48. Nd5 h5 49. Re7+ Kb8 50. Rxg7 Rf2 51. Rh7 Rh2 52. Kxd4
Rxe2 53. Rxh5 Rb2 54. Rh6 Kb7 55. Rb6+ Ka7 56. Nc3 Rh2 57. Na4 Rh4+ 58. Kc3 Rh8
59. Nc5 Rh1 60. Rxa6+ Kb8 61. b5 Rc1+ 62. Kd4 Rb1 63. Rb6+ Kc7 64. Rb7+ Kc8 65.
a6 Rh1 66. a7 1-0

[Event "SW New Year Major"]
[Site "Bridgend"]
[Date "2018.01.07"]
[Round "4.3"]
[White "Blackmore, Simon"]
[Black "Williams, Steve"]
[Result "1/2-1/2"]
[WhiteElo "1642"]
[BlackElo "1765"]
[PlyCount "112"]
[EventDate "2018.01.05"]
[EventType "swiss"]
[EventRounds "5"]
[EventCountry "WLS"]
[SourceDate "2018.01.07"]

1. e4 c6 2. Nf3 d5 3. exd5 cxd5 4. d4 Nc6 5. c3 Qc7 6. Bd3 Nf6 7. Bg5 h6 8. Bh4
Bg4 9. Nbd2 Nd7 10. Qc2 e6 11. h3 Bxf3 12. Nxf3 Bd6 13. O-O Rb8 14. Rae1 b5 15.
Nd2 O-O 16. Re3 e5 17. dxe5 Ndxe5 18. Bg3 d4 19. cxd4 Nxd3 20. Bxd6 Qxd6 21.
Qxd3 Qxd4 22. Qxd4 Nxd4 23. Re7 a5 24. Rc1 Rfc8 25. Rcc7 Rxc7 26. Rxc7 a4 27.
Kf1 Kf8 28. Ne4 Rd8 29. Nc3 g6 30. Rc5 b4 31. Nxa4 b3 32. axb3 Nxb3 33. Rc3 Ra8
34. Rxb3 Rxa4 35. Ke2 Kg7 36. Rb8 Ra2 37. Kd3 Ra1 38. Rc8 Rd1+ 39. Ke2 Rg1 40.
g3 Rh1 41. h4 Rb1 42. Rc2 h5 43. Kd3 Rd1+ 44. Kc3 Rd7 45. b4 Rc7+ 46. Kd3 Rd7+
47. Ke4 Kf8 48. Ke5 Ke7 49. Rc6 Rb7 50. Rc4 Rb5+ 51. Kd4 Rf5 52. Rc2 Kd7 53. b5
Rxb5 54. Ke4 Rf5 55. Ra2 Kc6 56. Rd2 Kc5 1/2-1/2

[Event "SW New Year Major"]
[Site "Bridgend"]
[Date "2018.01.07"]
[Round "4.4"]
[White "Miga, Tomasz"]
[Black "Lutchman Sing, Aishwarya"]
[Result "1-0"]
[WhiteElo "1694"]
[BlackElo "1356"]
[PlyCount "87"]
[EventDate "2018.01.05"]
[EventType "swiss"]
[EventRounds "5"]
[EventCountry "WLS"]
[SourceDate "2018.01.07"]

1. d4 Nf6 2. Nf3 d6 3. Bf4 Nbd7 4. e3 g6 5. Bd3 Bg7 6. h3 O-O 7. O-O Qe8 8. Bh2
e5 9. dxe5 dxe5 10. e4 Nh5 11. Nc3 c6 12. Re1 Nc5 13. Qe2 Nf4 14. Qe3 Ncxd3 15.
cxd3 Bh6 16. Bxf4 Bxf4 17. Qc5 b6 18. Qd6 Ba6 19. Rad1 Rd8 20. Qa3 Bxd3 21.
Qxa7 b5 22. Qc7 Bc2 23. Rxd8 Qxd8 24. Qxc6 b4 25. Nd5 b3 26. axb3 Bxb3 27. Nxf4
exf4 28. Qc3 Qb6 29. Qd4 Qc6 30. e5 Qc4 31. Qxc4 Bxc4 32. Re4 Bd5 33. Rxf4 Rb8
34. b4 Bxf3 35. gxf3 Rb5 36. Re4 g5 37. Kf1 Kf8 38. Ke2 Rd5 39. Ke3 Ke7 40. f4
gxf4+ 41. Kxf4 Ke6 42. Rc4 Rxe5 43. Rc6+ Kd5 44. Rc5+ 1-0

[Event "SW New Year Major"]
[Site "Bridgend"]
[Date "2018.01.07"]
[Round "4.5"]
[White "Cooke, Tom"]
[Black "Livermore, Richard"]
[Result "1/2-1/2"]
[WhiteElo "1722"]
[BlackElo "1697"]
[PlyCount "74"]
[EventDate "2018.01.05"]
[EventType "swiss"]
[EventRounds "5"]
[EventCountry "WLS"]
[SourceDate "2018.01.07"]

1. e4 e6 2. d4 d5 3. exd5 exd5 4. Nf3 Nf6 5. Bd3 Be7 6. h3 O-O 7. Be3 Nc6 8. c3
Ne4 9. Nbd2 f5 10. Bf4 Qe8 11. Qe2 Qg6 12. O-O-O Bd6 13. Bxd6 Qxd6 14. Bc2 Bd7
15. Nxe4 fxe4 16. Nd2 Rae8 17. g4 Qf4 18. Rdf1 Na5 19. Kb1 a6 20. c4 Nxc4 21.
Nxc4 dxc4 22. Qxc4+ Kh8 23. Re1 Bb5 24. Qc3 Qxf2 25. Rxe4 Qg2 26. Rhe1 Rf1 27.
Rxe8+ Bxe8 28. Rc1 Rxc1+ 29. Kxc1 Qf1+ 30. Bd1 Bc6 31. Kc2 Be4+ 32. Kc1 Qf4+
33. Qd2 Qf7 34. b3 Qd5 35. Bc2 Bxc2 36. Kxc2 Qe4+ 37. Kb2 Qd5 1/2-1/2

[Event "SW New Year Major"]
[Site "Bridgend"]
[Date "2018.01.07"]
[Round "4.6"]
[White "Hammett, Scott"]
[Black "Hurn, Robert AJ"]
[Result "1/2-1/2"]
[WhiteElo "1484"]
[BlackElo "1664"]
[PlyCount "90"]
[EventDate "2018.01.05"]
[EventType "swiss"]
[EventRounds "5"]
[EventCountry "WLS"]
[SourceDate "2018.01.07"]

1. f4 e5 2. e4 exf4 3. Nf3 Nf6 4. Nc3 Nc6 5. Bc4 h6 6. d3 d6 7. Bxf4 Be6 8.
Bxe6 fxe6 9. O-O Qd7 10. d4 O-O-O 11. d5 Ne7 12. Be3 Kb8 13. Qd4 Nc8 14. a4 Ng4
15. Bd2 e5 16. Qb4 Be7 17. h3 Nf6 18. a5 Rdf8 19. Qc4 Rf7 20. b4 Rhf8 21. b5 g5
22. b6 Bd8 23. bxa7+ Nxa7 24. Rab1 c5 25. Nb5 Nc8 26. a6 b6 27. Nc3 Ka7 28.
Nb5+ Ka8 29. a7 Nh5 30. Qd3 Nf4 31. Bxf4 gxf4 32. Qd2 Rg8 33. Kf2 Rfg7 34. Rg1
Rg3 35. c4 Qh7 36. Nc3 Qg7 37. Ne1 Rxh3 38. Ne2 Bh4+ 39. Kf1 Ra3 40. Nf3 Bg3
41. Qb2 Re3 42. Qb5 Rxe4 43. Nxg3 fxg3 44. Qc6+ Qb7 45. Qb5 Qh7 1/2-1/2

[Event "SW New Year Major"]
[Site "Bridgend"]
[Date "2018.01.07"]
[Round "4.7"]
[White "Penny, Liam"]
[Black "Jones, Gavin"]
[Result "1-0"]
[WhiteElo "1716"]
[BlackElo "1630"]
[PlyCount "117"]
[EventDate "2018.01.05"]
[EventType "swiss"]
[EventRounds "5"]
[EventCountry "WLS"]
[SourceDate "2018.01.07"]

1. d4 e6 2. Nf3 Nf6 3. e3 d5 4. Bd3 c5 5. c3 Bd6 6. dxc5 Bxc5 7. O-O O-O 8. Qe2
Nc6 9. Nbd2 Qc7 10. e4 e5 11. exd5 Nxd5 12. Bxh7+ Kxh7 13. Qe4+ Kg8 14. Qxd5
Qe7 15. Ne4 Bb6 16. Neg5 Bf5 17. Nh4 Bc2 18. Re1 Qf6 19. Qf3 Qxf3 20. Nhxf3
Rfd8 21. Be3 Bc7 22. Rac1 Bd3 23. Rcd1 Rac8 24. Nd2 Re8 25. Nge4 b6 26. f3 Bc2
27. Rc1 Bd3 28. Nf2 Bg6 29. b4 Ne7 30. c4 Nc6 31. a3 Nd4 32. Bxd4 exd4 33.
Rxe8+ Rxe8 34. Nb3 Bf4 35. Ra1 Re3 36. Nd2 Re2 37. Nde4 f5 38. Ng3 Rc2 39. Kf1
Bf7 40. Nxf5 Bxc4+ 41. Kg1 d3 42. g3 Be5 43. Rd1 Rc3 44. Ne3 Bb5 45. a4 Bxa4
46. Rxd3 Rc1+ 47. Kg2 Rb1 48. Rd8+ Kh7 49. Ra8 Rb3 50. Neg4 Bc6 51. Rxa7 Bxf3+
52. Kh3 Bd4 53. Rf7 Kg6 54. Rf4 Bb2 55. b5 Bc1 56. Ne5+ Kh5 57. Rxf3 Rxb5 58.
Rf5+ Kh6 59. Nf7+ 1-0

[Event "SW New Year Major"]
[Site "Bridgend"]
[Date "2018.01.07"]
[Round "4.8"]
[White "Philpin, Les"]
[Black "Fraser, Susanna"]
[Result "0-1"]
[WhiteElo "1521"]
[BlackElo "1655"]
[PlyCount "68"]
[EventDate "2018.01.05"]
[EventType "swiss"]
[EventRounds "5"]
[EventCountry "WLS"]
[SourceDate "2018.01.07"]

1. d4 d5 2. Nf3 Bg4 3. Bf4 e6 4. Nbd2 Nf6 5. e3 Bd6 6. Bg5 h6 7. Bh4 Nbd7 8.
Be2 O-O 9. Bg3 Nb6 10. Ne5 Bxe2 11. Qxe2 c5 12. c3 Rc8 13. Bh4 cxd4 14. exd4
Be7 15. g4 Nh7 16. Bxe7 Qxe7 17. h4 Na4 18. Qb5 Nb6 19. Qe2 a6 20. f4 Na4 21.
Ndf3 Rfd8 22. g5 f6 23. Ng4 h5 24. Nf2 f5 25. Ne5 Nf8 26. Qxh5 Nxb2 27. g6 Rxc3
28. Nf7 Nxg6 29. Nh6+ gxh6 30. Qxg6+ Qg7 31. Rg1 Re3+ 32. Kf1 Qxg6 33. Rxg6+
Kh7 34. h5 Nc4 0-1

[Event "SW New Year Major"]
[Site "Bridgend"]
[Date "2018.01.07"]
[Round "4.9"]
[White "Cox, John"]
[Black "Orton, Paul"]
[Result "1/2-1/2"]
[WhiteElo "1492"]
[BlackElo "1608"]
[PlyCount "65"]
[EventDate "2018.01.05"]
[EventType "swiss"]
[EventRounds "5"]
[EventCountry "WLS"]
[SourceDate "2018.01.07"]

1. e4 e5 2. Nf3 Nc6 3. Nc3 Nf6 4. d4 exd4 5. Nxd4 Bb4 6. f3 O-O 7. Nxc6 dxc6 8.
Qxd8 Rxd8 9. Bg5 Be7 10. Bd3 Be6 11. Bf4 Rac8 12. a3 Nh5 13. Be3 a6 14. Na4 Nf6
15. Nc5 Bxc5 16. Bxc5 Nd7 17. Be7 Re8 18. Bh4 Ne5 19. Bg3 Nxd3+ 20. cxd3 Bb3
21. Rc1 a5 22. Rc5 Red8 23. Rc3 a4 24. Kf2 Rd7 25. Ke3 Rcd8 26. Re1 f6 27. Re2
Kf7 28. Rd2 Ke8 29. Rc5 Ra8 30. d4 Re7 31. Kf4 g5+ 32. Ke3 Bd5 33. Kd3 1/2-1/2

[Event "SW New Year Major"]
[Site "Bridgend"]
[Date "2018.01.07"]
[Round "4.10"]
[White "Rovaretti, David"]
[Black "Jones, Jonathan"]
[Result "1-0"]
[WhiteElo "1762"]
[BlackElo "1525"]
[PlyCount "105"]
[EventDate "2018.01.05"]
[EventType "swiss"]
[EventRounds "5"]
[EventCountry "WLS"]
[SourceDate "2018.01.07"]

1. e4 c5 2. Bd3 Nc6 3. c3 g6 4. Nf3 Bg7 5. Bc2 Nf6 6. O-O O-O 7. e5 Nh5 8. d4
cxd4 9. cxd4 d6 10. exd6 Qxd6 11. Be3 Nf4 12. Nc3 Nd5 13. Qd2 Nxe3 14. fxe3 Bh6
15. Ne4 Qb4 16. Qf2 Bf5 17. Nh4 e6 18. g4 Bxe4 19. Bxe4 Qe7 20. Bxc6 bxc6 21.
Nf3 Rac8 22. h4 f6 23. Kg2 Qd6 24. Rfe1 g5 25. Rad1 Rc7 26. e4 Rg7 27. h5 Qf4
28. Qg3 Qxg3+ 29. Kxg3 Rgf7 30. Rc1 Rc8 31. Rc2 Bf8 32. a3 h6 33. b4 a6 34. e5
f5 35. Nh2 f4+ 36. Kf3 Rd7 37. Ke4 Rb8 38. Rxc6 a5 39. Rb1 axb4 40. axb4 Kf7
41. b5 Rdb7 42. b6 Ke7 43. Nf3 Kd7 44. d5 Be7 45. Rxe6 Rc8 46. Rxh6 Rg8 47. d6
Bd8 48. Rh7+ Kc8 49. Rxb7 Kxb7 50. Kd5 Bxb6 51. e6 Rc8 52. Rxb6+ Kxb6 53. e7
1-0

[Event "SW New Year Major"]
[Site "Bridgend"]
[Date "2018.01.10"]
[Round "5.1"]
[White "Gay, Conor"]
[Black "Di-Vetta, Andrew"]
[Result "1-0"]
[WhiteElo "1834"]
[BlackElo "1791"]
[PlyCount "125"]
[EventDate "2018.01.05"]
[EventType "swiss"]
[EventRounds "5"]
[EventCountry "WLS"]
[SourceDate "2018.01.07"]

1. e4 c5 2. Nf3 d6 3. d4 cxd4 4. Nxd4 Nf6 5. Nc3 a6 6. Be3 Nc6 7. f3 e6 8. Qd2
Be7 9. O-O-O Qa5 10. Nb3 Qc7 11. g4 b5 12. g5 Nd7 13. f4 Nb6 14. f5 Nc4 15.
Bxc4 bxc4 16. Nd4 Rb8 17. Nxc6 Qxc6 18. Qd4 Rg8 19. f6 gxf6 20. gxf6 e5 21. Qd5
Qxd5 22. Nxd5 Bf8 23. Rhg1 Rg6 24. h4 Bg4 25. Rdf1 Bh3 26. h5 Rg4 27. Rxg4 Bxg4
28. h6 Bh5 29. Rg1 Bg6 30. Rg4 Rc8 31. Kd2 a5 32. Kc3 Rc6 33. Rh4 Kd7 34. Bg5
Ke6 35. Ne3 Rc5 36. Nxc4 d5 37. exd5+ Kxd5 38. b3 Ke6 39. Rg4 Kf5 40. Rg3 Bd6
41. Kd2 Rd5+ 42. Ke1 Bc5 43. c3 Ba7 44. b4 axb4 45. cxb4 Bh5 46. Be3 Bxe3 47.
Nxe3+ Kf4 48. Nxd5+ Kxg3 49. b5 Bf3 50. Nb4 Kg4 51. a4 Kf5 52. b6 Kxf6 53. a5
Ke6 54. a6 Kd7 55. Kf2 Bh1 56. Ke3 f5 57. b7 Kc7 58. Nd3 f4+ 59. Kf2 Bxb7 60.
axb7 Kxb7 61. Nxe5 Kc7 62. Nf7 Kd7 63. Ng5 {Black resigned in a drawn position!
} (63. Ng5 Ke7 64. Nxh7 Kf7 65. Ng5+ Kg6 66. h7 Kg7 $11) 1-0

[Event "SW New Year Major"]
[Site "Bridgend"]
[Date "2018.01.07"]
[Round "5.2"]
[White "Williams, Steve"]
[Black "Miga, Tomasz"]
[Result "0-1"]
[WhiteElo "1765"]
[BlackElo "1694"]
[Annotator "Thornton,John"]
[PlyCount "131"]
[EventDate "2018.01.05"]
[EventRounds "5"]
[EventCountry "WLS"]
[SourceDate "2018.01.07"]

1. d4 d5 2. c4 c6 3. Nc3 Nf6 4. Nf3 Bf5 5. cxd5 Nxd5 6. Qb3 Qb6 7. Nxd5 Qxb3 8.
Nc7+ Kd8 9. axb3 Kxc7 10. Bf4+ Kc8 11. Nd2 e6 12. e4 Bg6 13. Bc4 Bb4 14. f3 b5
15. Bd3 Rd8 16. Be3 e5 17. d5 a6 18. Rc1 Kb7 19. dxc6+ Nxc6 20. Ke2 Nd4+ 21.
Bxd4 Rxd4 22. Nb1 Rad8 23. Rhd1 f6 24. Nc3 Bf7 25. Bc2 Kb6 26. Rxd4 Rxd4 27.
Rd1 Bc5 28. Rxd4 Bxd4 29. Kd3 Kc5 30. Kd2 Kb4 31. Nd5+ Kc5 32. b4+ Kd6 33. Nc3
Bc4 34. Bd3 Be6 35. Kc2 h5 36. Ne2 Be3 37. h3 Ke7 38. Nc3 Kd6 39. Ne2 Kc6 40.
Ng3 g6 41. Ne2 Kd6 42. Nc3 Bf2 43. Kd2 Bd4 44. Kc2 f5 45. exf5 gxf5 46. Ne2 Bf2
47. Nc3 Ke7 48. Ne2 Kf6 49. g3 h4 50. g4 fxg4 51. fxg4 Bd5 52. Bf5 Be1 53. Bc8
Bxb4 54. Bxa6 Bg2 55. Nc3 Bxc3 56. Kxc3 Bxh3 57. Bxb5 Bxg4 58. Bc6 Kf5 59. b4
Kf4 60. b5 h3 61. b6 Bc8 62. Bd7 $4 h2 63. Bc6 e4 64. Kd4 h1=Q 65. b7 Bxb7 66.
Bxb7 0-1

[Event "SW New Year Major"]
[Site "Bridgend"]
[Date "2018.01.07"]
[Round "5.3"]
[White "Gay, Simon"]
[Black "Blackmore, Simon"]
[Result "1-0"]
[WhiteElo "1730"]
[BlackElo "1642"]
[PlyCount "45"]
[EventDate "2018.01.05"]
[EventType "swiss"]
[EventRounds "5"]
[EventCountry "WLS"]
[SourceDate "2018.01.07"]

1. e4 e5 2. f4 d5 3. exd5 exf4 4. Nf3 Nf6 5. d4 Nxd5 6. Be2 Bd6 7. O-O O-O 8.
c4 Ne3 9. Bxe3 fxe3 10. Qd3 Re8 11. Nc3 Bg4 12. a3 c6 13. c5 Bc7 14. Rad1 Nd7
15. Qc4 Nf6 16. d5 cxd5 17. Nxd5 Be6 18. Nxf6+ Qxf6 19. Qb5 Re7 20. b4 Bb3 21.
Rd7 Rd8 $4 22. Rxd8+ Bxd8 23. Qd3 1-0

[Event "SW New Year Major"]
[Site "Bridgend"]
[Date "2018.01.07"]
[Round "5.4"]
[White "Williams, David"]
[Black "Cooke, Tom"]
[Result "1-0"]
[WhiteElo "1711"]
[BlackElo "1722"]
[PlyCount "57"]
[EventDate "2018.01.05"]
[EventType "swiss"]
[EventRounds "5"]
[EventCountry "WLS"]
[SourceDate "2018.01.07"]

1. e4 e5 2. Nf3 Nc6 3. Bc4 Nf6 4. d3 d5 5. exd5 Nxd5 6. Nc3 Nxc3 7. bxc3 Be7 8.
h3 a6 9. a4 h6 10. Qe2 O-O 11. O-O Bf6 12. Qe4 Re8 13. Rb1 Qd6 14. Bd5 Be6 15.
Bxe6 Rxe6 16. Rxb7 Rb8 17. Rxb8+ Nxb8 18. Be3 Nd7 19. Rb1 g5 20. c4 Qa3 21. Rb7
Bd8 22. Qf5 Qxa4 23. h4 gxh4 24. Ra7 Qxc2 25. Qg4+ Rg6 26. Qxd7 Rd6 27. Qf5
Rxd3 28. Kh2 Qb3 29. Nxe5 1-0

[Event "SW New Year Major"]
[Site "Bridgend"]
[Date "2018.01.07"]
[Round "5.5"]
[White "Hurn, Robert AJ"]
[Black "Penny, Liam"]
[Result "1-0"]
[WhiteElo "1664"]
[BlackElo "1716"]
[PlyCount "103"]
[EventDate "2018.01.05"]
[EventType "swiss"]
[EventRounds "5"]
[EventCountry "WLS"]
[SourceDate "2018.01.07"]

1. d4 Nf6 2. c4 g6 3. f3 Bg7 4. e4 d6 5. Nc3 a6 6. Be3 c6 7. Qd2 b5 8. Bd3 bxc4
9. Bxc4 Nbd7 10. Nge2 Nb6 11. Bb3 a5 12. Na4 Nfd7 13. Rc1 Bb7 14. O-O O-O 15.
Bh6 Bxh6 16. Qxh6 Ba6 17. Rfe1 Bb5 18. Nec3 Ba6 19. Kh1 Nc4 20. Bc2 Ncb6 21. b3
Qc7 22. Re3 c5 23. Nd5 Nxd5 24. exd5 Nf6 25. Be4 Bb7 26. Qg5 Nd7 27. Rec3 Rfe8
28. dxc5 dxc5 29. Nxc5 Nxc5 30. Rxc5 Qd6 31. Rc7 Qb4 32. Rxb7 Qxb7 33. d6 Qd7
34. Bxa8 Rxa8 35. Qxe7 Qxe7 36. dxe7 f5 37. Re1 Kf7 38. Kg1 Re8 39. Kf2 Rxe7
40. Rxe7+ Kxe7 41. Ke3 Kd6 42. Kd4 g5 43. g4 f4 44. h3 h6 45. a3 Kc6 46. Kc4
Kb6 47. b4 a4 48. b5 Ka5 49. Kc5 h5 50. b6 hxg4 51. hxg4 Ka6 52. Kc6 1-0

[Event "SW New Year Major"]
[Site "Bridgend"]
[Date "2018.01.07"]
[Round "5.6"]
[White "Lutchman Sing, Aishwarya"]
[Black "Livermore, Richard"]
[Result "0-1"]
[WhiteElo "1356"]
[BlackElo "1697"]
[PlyCount "104"]
[EventDate "2018.01.05"]
[EventType "swiss"]
[EventRounds "5"]
[EventCountry "WLS"]
[SourceDate "2018.01.07"]

1. d4 Nf6 2. Nf3 d5 3. Bf4 g6 4. e3 Bg7 5. Nbd2 c5 6. c3 Nc6 7. Bd3 b6 8. Ne5
Nxe5 9. Bxe5 O-O 10. h3 Nd7 11. Bxg7 Kxg7 12. g4 e5 13. h4 e4 14. Bc2 Nf6 15.
g5 Nh5 16. f3 cxd4 17. cxd4 f6 18. Rg1 Qc7 19. fxe4 fxg5 20. Rxg5 Qh2 21. Nf3
Qh1+ 22. Kd2 Qxf3 23. Qxf3 Rxf3 24. Bd1 Rg3 25. Rxd5 Nf6 26. Re5 Ba6 27. Bb3
Rg2+ 28. Kc3 Rc8+ 29. Kb4 Rc7 30. d5 Rd7 31. Bc4 b5 32. Bxb5 Bxb5 33. Kxb5
Rxb2+ 34. Kc6 Rc2+ 35. Kb5 Re2 36. Re6 Rxe3 37. Kc6 Rc3+ 38. Kb5 Rb7+ 39. Ka4
Rc4+ 40. Ka5 Rxe4 41. Rf1 Rxe6 42. dxe6 Re7 43. Re1 Nd5 44. Kb5 Kf6 45. Kc6 Nf4
46. Rf1 Kf5 47. Kd6 Rxe6+ 48. Kd7 Re2 49. a4 Rh2 50. Rc1 Rd2+ 51. Ke7 Nd5+ 52.
Kf8 Nf4 0-1

[Event "SW New Year Major"]
[Site "Bridgend"]
[Date "2018.01.07"]
[Round "5.7"]
[White "Fraser, Susanna"]
[Black "Hammett, Scott"]
[Result "1-0"]
[WhiteElo "1655"]
[BlackElo "1484"]
[PlyCount "95"]
[EventDate "2018.01.05"]
[EventType "swiss"]
[EventRounds "5"]
[EventCountry "WLS"]
[SourceDate "2018.01.07"]

1. d4 f5 2. Nf3 Nf6 3. g3 e6 4. Bg2 Be7 5. O-O O-O 6. Bf4 d5 7. Ne5 c6 8. c4
Nbd7 9. Nxd7 Bxd7 10. c5 Nh5 11. Be5 Nf6 12. Nc3 b6 13. b4 bxc5 14. bxc5 Ng4
15. Bf4 Bg5 16. Qd2 Bxf4 17. Qxf4 Qa5 18. Nb1 Rab8 19. Nd2 Rb2 20. Nb3 Qa4 21.
Qf3 Rb8 22. Qf4 Rb7 23. Nc1 Rc2 24. Bf3 Nf6 25. e4 Qxd4 26. Nb3 Qd3 27. exf5 e5
28. Qe3 Bxf5 29. Bd1 Ng4 30. Qg5 Nh6 31. Bxc2 Qxc2 32. Qd8+ Kf7 33. Qd6 Qe4 34.
Rfe1 Qf3 35. Re3 Qg4 36. Qxe5 Qh3 37. Qe8+ Kf6 38. Qxc6+ Kg5 39. Qxb7 Ng4 40.
Qxg7+ Kh5 41. Qf7+ Kg5 42. Qe7+ Kh5 43. Qh4+ Qxh4 44. gxh4 Nxe3 45. fxe3 Kxh4
46. Rd1 Be4 47. Rd4 Kg4 48. Rxe4+ 1-0

[Event "SW New Year Major"]
[Site "Bridgend"]
[Date "2018.01.07"]
[Round "5.8"]
[White "Jones, Gavin"]
[Black "Cox, John"]
[Result "1-0"]
[WhiteElo "1630"]
[BlackElo "1492"]
[PlyCount "47"]
[EventDate "2018.01.05"]
[EventType "swiss"]
[EventRounds "5"]
[EventCountry "WLS"]
[SourceDate "2018.01.07"]

1. e4 c5 2. Nc3 d6 3. g3 Nc6 4. Bg2 Nf6 5. Nge2 g6 6. d3 Bg7 7. O-O O-O 8. h3
Ne8 9. f4 f5 10. Kh2 e6 11. Be3 Bd7 12. e5 b6 13. d4 cxd4 14. Nxd4 Rc8 15. Bxc6
Bxc6 16. Nxe6 Qe7 17. Nxf8 Kxf8 18. Bd4 Rd8 19. Qe2 dxe5 20. Bxe5 Qc5 21. Rad1
Rxd1 22. Rxd1 Kg8 23. Rd8 Qe7 24. Qc4+ 1-0

[Event "SW New Year Major"]
[Site "Bridgend"]
[Date "2018.01.07"]
[Round "5.9"]
[White "O'Rourke, Kevin"]
[Black "Rovaretti, David"]
[Result "0-1"]
[WhiteElo "1175"]
[BlackElo "1762"]
[PlyCount "88"]
[EventDate "2018.01.05"]
[EventType "swiss"]
[EventRounds "5"]
[EventCountry "WLS"]
[SourceDate "2018.01.07"]

1. e4 d5 2. e5 e6 3. d4 c5 4. Nf3 Nc6 5. Bg5 Qb6 6. dxc5 Bxc5 7. Be3 Bxe3 8.
fxe3 Qxb2 9. Nbd2 Nxe5 10. Rb1 Nxf3+ 11. Nxf3 Qc3+ 12. Qd2 Qxd2+ 13. Nxd2 a6
14. Nb3 b6 15. Be2 Nf6 16. O-O Ne4 17. Rb2 Bd7 18. Nd4 b5 19. Nf3 f6 20. Rd1
Nc3 21. Rd2 Nxe2+ 22. Rxe2 Kf7 23. Rf2 Ke7 24. c3 Rhc8 25. Rfc2 e5 26. Rb4 g5
27. h3 Bf5 28. Rc1 h5 29. g4 hxg4 30. hxg4 Be6 31. Kg2 Ra7 32. a3 Rac7 33. e4
dxe4 34. Rxe4 Rxc3 35. Rh1 Bd5 36. Rh7+ Kd6 37. Nd2 Rc2 38. Kg3 R8c3+ 39. Re3
Rxe3+ 40. Kf2 Rd3 41. Rh6 Rdxd2+ 42. Ke1 Rh2 43. Rxf6+ Be6 44. Rxe6+ Kxe6 0-1

[Event "SW New Year Major"]
[Site "Bridgend"]
[Date "2018.01.07"]
[Round "5.10"]
[White "Jones, Jonathan"]
[Black "Philpin, Les"]
[Result "1-0"]
[WhiteElo "1525"]
[BlackElo "1521"]
[PlyCount "86"]
[EventDate "2018.01.05"]
[EventType "swiss"]
[EventRounds "5"]
[EventCountry "WLS"]
[SourceDate "2018.01.07"]

1. d4 e6 2. c4 Nf6 3. Nc3 d5 4. Bg5 Be7 5. e3 c5 6. Nf3 Nbd7 7. Bd3 h6 8. Bh4
Nb6 9. cxd5 cxd4 10. Nxd4 Nfxd5 11. Bxe7 Nxe7 12. Be4 O-O 13. Qf3 Rb8 14. Rd1
Qe8 15. b3 a6 16. O-O f5 17. Bd3 Ned5 18. Nde2 Nb4 19. Bb1 Bd7 20. Qf4 Nc6 21.
Qc7 Qd8 22. Qd6 Qc8 23. Nf4 Rf6 24. Nh5 Rf7 25. e4 Be8 26. Qc5 Nd7 27. Qe3 Nf8
28. exf5 exf5 29. Nd5 Qe6 30. Qd3 Qg6 31. Qh3 Bd7 32. Ndf4 Qg5 33. Rd3 Qg4 34.
Qe3 g5 35. Qd2 gxf4 36. Nxf4 Qh4 37. Rh3 Qf6 38. Nh5 Qe6 39. Rg3+ Kh7 40. Re1
Ne5 41. Nf4 Qe8 42. Rge3 Re7 43. Nd5 Neg6 1-0